000 00447nam a22001817a 4500
003 CEME
005 20210628203334.0
008 210305b xxu||||| |||| 00| 0 eng d
020 _a0-333-53354-2
040 _c.
082 _a808.84 WAI
100 _aWain, John
_964834
245 _aShakespeare, othello
260 _aNEW YORK
_bPALGRAVE
_c1994
300 _a231P
650 _a ENGLISH LITERATURE-CRITICAL ESSAYS
_964835
942 _cBK
_2ddc
999 _c573211
_d573211